000 00378nam a22001217a 4500
003 SGT
082 _a200
_bS06A
100 _aअग्निहोत्री, कुलदीप चंद
245 _aश्री गुरूजी और तिब्बत
260 _bभारत तिब्बत सहयोग मंच
_c2006
300 _a167
942 _2ddc
_cBK
999 _c31808
_d31808